000 00433nam a2200169Ia 4500
001 40357
008 140423s9999 xx 000 0 und d
020 _a0324311303
040 _cPK-LaUMT
082 _a 658.8
_bADL-C
100 _aAdler, Stephen M.
245 _aCause for concern
_bresults-oriented cause marketing
_cAdler, Stephen M.
260 _aMason,USA:
_bThomson,
_c2006
300 _a149 p.
546 _aEN
942 _cBK
999 _c39598
_d39598